Garis-garis besar kebidjaksanaan dan rentjana-pelaksanaan stabilisasi ekonomi (Record no. 89512)

MARC details
000 -LEADER
fixed length control field 00752cam a22002171 4500
001 - CONTROL NUMBER
control field sa 68020588
003 - CONTROL NUMBER IDENTIFIER
control field DLC
005 - DATE AND TIME OF LATEST TRANSACTION
control field 20260227112725.0
008 - FIXED-LENGTH DATA ELEMENTS--GENERAL INFORMATION
fixed length control field 930217s1966 io 100 0 ind
010 ## - LIBRARY OF CONGRESS CONTROL NUMBER
LC control number sa 68020588
025 ## - OVERSEAS ACQUISITION NUMBER
Overseas acquisition number PL480:Indo-5764
035 ## - SYSTEM CONTROL NUMBER
System control number (OCoLC)27458648
040 ## - CATALOGING SOURCE
Original cataloging agency DLC
Transcribing agency CU
Modifying agency CU
-- DLC
042 ## - AUTHENTICATION CODE
Authentication code premarc
050 00 - LIBRARY OF CONGRESS CALL NUMBER
Classification number HC447
Item number .G37
245 00 - TITLE STATEMENT
Title Garis-garis besar kebidjaksanaan dan rentjana-pelaksanaan stabilisasi ekonomi
Statement of responsibility, etc. [hasil Seminar AD ke-II, tanggal 25 s/d 31 Agustus 1966, di Grha Wiyata Yudha/Seskoad.
260 ## - PUBLICATION, DISTRIBUTION, ETC.
Place of publication, distribution, etc. Bandung,
Date of publication, distribution, etc. 1966]
300 ## - PHYSICAL DESCRIPTION
Extent 84 l.
Dimensions 33 cm.
651 #0 - SUBJECT ADDED ENTRY--GEOGRAPHIC NAME
Geographic name Indonesia
General subdivision Economic policy
Form subdivision Congresses.
711 2# - ADDED ENTRY--MEETING NAME
Meeting name or jurisdiction name as entry element Seminar Angkatan Darat
Number of part/section/meeting (2d :
Date of meeting or treaty signing 1966 :
Location of meeting Sekolah Staf dan Komando Angkatan Darat)

No items available.

Powered by Koha